000 00912cam a2200229 4500
008 000000n2003 000 0 eng u
020 _a0632052511
035 _a(Sirsi) u100799
041 _aeng
050 _a693.5
_c18
245 _aConcrete
_bbuilding pathology.
260 _aOxford
_bBlackwell Science
_c2003
300 _axvii, 309p.
_bill.
_c25cm.
520 _aDeals with the diagnosis, prognosis and repair issues associated with concrete buildings. The text brings together experts in the history, defect diagnosis, remediaiton and maintenance of concrete. It includes case studies from around the world which illustrate the various repair methods available.
650 _aCONCRETE BUILDINGS
650 _aCONCRETE DEFECTS
650 _aBUILDING PATHOLOGY
650 _aBUILDING REPAIRS
690 _aBUILT ENVIRONMENT-BUILDING MATERIALS
700 _aMacDonald, Susan
_xEditor
942 _n0
999 _c99838
_d99838